SINAIS DO AERÓDROMO - Statistics

General Stats
  • This quiz has been taken 802 times
  • The average score is 7 of 10
Answer Stats
COR RESPOSTA % Correct
VERDE CONTÍNUA EM VOO Livre pouso
100%
VERDE CONTÍNUA EM SOLO Livre decolagem
97%
VERDE INTERMITENTE EM SOLO Livre táxi
93%
VERDE INTERMITENTE EM VOO Regresse e pouse
83%
VERMELHA CONTÍNUA EM SOLO Mantenha posição
71%
VERMELHA INTERMITENTE EM VOO Aeródromo impraticável. Não pouse
57%
VERMELHA INTERMITENTEEM SOLO Afaste-se da pista de pouso em uso
50%
VERMELHA CONTÍNUA EM VOO Dê passagem à outra aeronave Continue no circuito
50%
BRANCA INTERMITENTE EM SOLO Regresse ao estacionamento
37%
BRANCA INTERMITENTE EM VOO Pouse neste aeródromo e dirija-se ao estacionamento
36%
No matching quizzes found
Score Distribution
Percent of People with Each Score
Percentile by Number Answered
Your Score History
You have not taken this quiz